Illustrating Fashion (Record no. 10849)
[ view plain ]
| 000 -LEADER | |
|---|---|
| fixed length control field | 00409nam a2200157Ia 4500 |
| 008 - FIXED-LENGTH DATA ELEMENTS--GENERAL INFORMATION | |
| fixed length control field | 191201s2011 xx 000 0 und d |
| 082 ## - DEWEY DECIMAL CLASSIFICATION NUMBER | |
| Classification number | 746.92 |
| Item number | MCI |
| 100 ## - MAIN ENTRY--PERSONAL NAME | |
| Personal name | MCKELVEY, Kathryn |
| 245 #0 - TITLE STATEMENT | |
| Title | Illustrating Fashion |
| 250 ## - EDITION STATEMENT | |
| Edition statement | 2nd |
| 260 ## - PUBLICATION, DISTRIBUTION, ETC. (IMPRINT) | |
| Place of publication, distribution, etc | New delhi |
| Name of publisher, distributor, etc | Blackwell Pub. |
| Date of publication, distribution, etc | 2008 |
| 300 ## - PHYSICAL DESCRIPTION | |
| Extent | 266 |
| 650 ## - SUBJECT ADDED ENTRY--TOPICAL TERM | |
| Topical term or geographic name as entry element | Bachelor of Fashion and Apparel Design |
| 700 ## - ADDED ENTRY--PERSONAL NAME | |
| Personal name | MUNSLOW, Janine |
| 942 ## - ADDED ENTRY ELEMENTS (KOHA) | |
| Source of classification or shelving scheme | Dewey Decimal Classification |
| Koha item type | Text Books |
| 942 ## - ADDED ENTRY ELEMENTS (KOHA) | |
| -- | 2 |
| Withdrawn status | Lost status | Source of classification or shelving scheme | Damaged status | Not for loan | Collection code | Home library | Current library | Date acquired | Source of acquisition | Currency | Cost, normal purchase price | Bill Number | Total Checkouts | Full call number | Acc. no. / Barcode | Date last seen | Date last borrowed | Actual Cost, discounted price | Bill Date | Koha item type |
|---|---|---|---|---|---|---|---|---|---|---|---|---|---|---|---|---|---|---|---|---|
| Dewey Decimal Classification | Bachelor of Fashion and Apparel Design | PIET NCR College Library | PIET NCR College Library | 11/08/2021 | Kirti Prakashan | IN Rupees | 1100.00 | IN2356 | 5 | 746.92 MCI | N1883 | 21/11/2025 | 18/11/2025 | 759.00 | 11/08/2021 | Text Books | ||||
| Dewey Decimal Classification | Bachelor of Fashion and Apparel Design | PIET NCR College Library | PIET NCR College Library | 11/08/2021 | Kirti Prakashan | IN Rupees | 1100.00 | IN2356 | 746.92 MCI | N1884 | 17/08/2021 | 759.00 | 11/08/2021 | Text Books | ||||||
| Dewey Decimal Classification | Bachelor of Fashion and Apparel Design | PIET NCR College Library | PIET NCR College Library | 11/08/2021 | Kirti Prakashan | IN Rupees | 1100.00 | IN2356 | 4 | 746.92 MCI | N1885 | 28/11/2025 | 18/11/2025 | 759.00 | 11/08/2021 | Text Books | ||||
| Dewey Decimal Classification | Bachelor of Fashion and Apparel Design | PIET NCR College Library | PIET NCR College Library | 11/08/2021 | Kirti Prakashan | IN Rupees | 1100.00 | IN2356 | 746.92 MCI | N1886 | 17/08/2021 | 759.00 | 11/08/2021 | Reference Books | ||||||
| Dewey Decimal Classification | Bachelor of Fashion and Apparel Design | PIET NCR College Library | PIET NCR College Library | 11/08/2021 | Kirti Prakashan | IN Rupees | 1100.00 | IN2356 | 746.92 MCI | N1887 | 17/08/2021 | 759.00 | 11/08/2021 | Text Books |